| 000 | 01532nam a2200421 c 4500 | ||
|---|---|---|---|
| 001 | 53518 | ||
| 003 | ES-MaCES | ||
| 005 | 20250121135938.0 | ||
| 008 | 250117s2021 sp ||| | spa d | ||
| 017 |
_aB 9189-2021 _bDL |
||
| 020 | _a9788412176551 | ||
| 040 |
_aES-MaCES _bspa _cES-MaCES |
||
| 041 | 1 |
_aspa _heng |
|
| 100 | 1 |
_911189 _aEichengreen, Barry |
|
| 245 | 1 | 3 |
_aLa globalización del capital _b: historia del sistema monetario internacional _cBarry Eichengreen ; tr. de María Esther Rabasco y Helena Álvarez de la Miyar |
| 250 | _a3ª ed | ||
| 260 |
_aBarcelona _bAntonio Bosch _c2021 |
||
| 300 |
_a397 p. _c23 cm |
||
| 500 | _aTraducción de: Globalizing capital, a history of the international monetary system | ||
| 504 | _aBibliografía: p. 369-387 | ||
| 541 | _cCompra | ||
| 650 | 4 |
_amercado financiero _928150 |
|
| 650 | 4 |
_asistema monetario internacional _928167 |
|
| 650 | 4 |
_asistema monetario europeo _930769 |
|
| 650 | 4 |
_areforma monetaria internacional _928165 |
|
| 650 | 4 |
_aglobalización económica _930653 |
|
| 650 | 4 |
_anuevo orden económico internacional _929223 |
|
| 650 | 4 |
_acrisis económica _927102 |
|
| 650 | 4 |
_apérdida financiera _928136 |
|
| 650 | 4 |
_ateoría económica _927076 |
|
| 650 | 4 |
_ahistoria _927251 |
|
| 653 | 1 | 0 | _aFinanciación |
| 700 | 1 |
_921612 _aRabasco, Esther _etr. |
|
| 700 | 1 |
_941267 _aÁlvarez de la Miyar, Helena _etr. |
|
| 740 | 2 | 2 | _aGlobalizing capital, a history of the international monetary system |
| 902 | _aLIB Libro | ||
| 942 |
_2CES _cBK _h0.0. |
||
| 999 |
_c53518 _d53518 |
||